000
00207nam a2200109Ia 4500
100
_a
MANDELA/NELSON
942
_c
BK
245
_a
LONG WALK TO FREEDOM.
260
_b
#N/A
546
_a
ENGLISH
999
_c
25841
_d
25841